Statistiken für Alle Konzentrationslager

Klicken Sie hier um das Quiz zu spielen!

Allgemein

  • Dieses Quiz wurde 12 mal gespielt
  • Das Durchschnittsergebnis liegt bei 6 aus 33

Antwortstatistiken

HintAntwort% Korrekt
1940-45Auschwitz
100%
1937-45Buchenwald
73%
1933-45Dachau
73%
1943-45Bergen-Belsen
45%
1936-45Sachsenhausen
45%
1938-45Neuengamme
36%
1939-45Ravensbrück
36%
1938-45Mauthausen
18%
1942-45Plaszow
18%
1942-43Sobibor
18%
1942Arbeitsdorf
9%
1942Belzec
9%
1933-45Flossenbürg
9%
1940-45Groß-Rosen
9%
1943-44Herzogenbusch
9%
1940-45Hinzert
9%
1941-44Maydanek
9%
1943-45Mittelbau-Dora
9%
1933-38Moringen
9%
1941-44Natzweiler
9%
1941-43Niederhagen
9%
1943-44Riga-Kaiserwald
9%
1939-45Treblinka
9%
1933-37Bad Sulza
0%
1933-45Breitenau
0%
1941-45Chelmno
0%
1933-45Emsland
0%
1944-45Kaltenkirchen
0%
1933-39Lichtenburg
0%
1942-44Maly Trostinez
0%
1933-37Sachsenburg
0%
1939-45Stutthoff
0%
1935-45Welzheim
0%

Verteilung der Resultate

Perzentil nach korrekt beantworteten Fragen

Anzahl Personen mit jedem Resultat

Ihre Resultats-Entwicklung

Sie haben dieses Quiz noch nicht gespielt